000 01934nam a2200421 c 4500
003 BLK
005 20240803114238.0
008 180409b bul|||||r ||||||| ||bul||
010 _aKNG00131620000
020 _a978-954-8186-40-7
_bиздат.: Санома Блясък България
040 _aBLK
041 _aBUL
_cBUL
072 7 _2bullib
_aН15
_xПсихология Н
080 _aПсихология на пола
_b159.922.1
_x-055.1(02.062)
_z159.922.1-055.1(02.062)
080 _aПсихология на пола
_b159.922.1
_x-055.2(02.062)
_z159.922.1-055.2(02.062)
100 1 _aПападопулос, Линда
_eпърви автор
_9299507
700 1 _aХристова, Милена
_eпрев.
_9365181
139 _aПападопулос, Линда
_bП 21
245 1 0 _aКакво казват мъжете, какво чуват жените
_bТайните на свободното общуване
_cЛинда Пападопулос; прев. Милена Христова.
257 _aGBR
260 София
_bСанома Блясък България
_c2010
_fСофия : Инвестпрес
300 _a176 с.
_c20 см
380 _a1
490 1 _aКолекция Cosmopolitan
500 _aОриг. загл. What Men Say, What Women Hear / Linda Papadopoulos. - Кн. се разпространява със сп. Cosmopolitan.
650 4 _aМъже - психология и поведение
_9243392
650 4 _aЖени - психология и поведение
_9243391
653 _aмъже
653 _aжени
653 _aпсихология на личността
659 _aН
852 _aЦб 255546
856 4 _qpdf
_u
856 4 _qpdf
_u
942 _cKNG
_n0
_09
944 _aCR
_c25.06.2012
_lМоника Янева
_k30570
944 _aED
_c13.11.2014
_lф /
_kЛюдмила_Стоянова
999 _c125941
_d125941